Analýza vplyvu prúdenia plynu v priebežnej peci na magnetické vlastnosti jadier z materiálu Vitroperm

Salvato in:
Dettagli Bibliografici
Autore principale: Imrišková, Michaela (Autore)
Altri autori: Deanko, Marian (Relatore della tesi)
Natura: Manoscritto Libro
Lingua:slovacco
Pubblicazione: 2019
Soggetti:
Accesso online:http://is.stuba.sk/zp/portal_zp.pl?podrobnosti=144051
Tags: Aggiungi Tag
Nessun Tag, puoi essere il primo ad aggiungerne!!

MARC

LEADER 00000ntm a22000003a 4500
001 stuzp73792
003 SK-STU
005 20190608212358.9
007 ta
008 150427s2015----xo-----f-mn---000-0-slo-d
040 |a STU  |b slo 
041 0 |a slo 
100 1 |a Imrišková, Michaela  |u 061000  |k Z4  |4 aut  |U MTF Materiálovotechnologická fakulta  |T MTF Ústav materiálov  |X 71753  |U M1000  |Y 81  |7 71753 
242 0 1 |a Analysis of the influence of gas flow in the continuous furnace on the magnetic properties of Vitroperm cores  |y eng 
245 1 0 |a Analýza vplyvu prúdenia plynu v priebežnej peci na magnetické vlastnosti jadier z materiálu Vitroperm 
260 |c 2019 
650 4 |a magnetizmus  |2 slo 
650 4 |a nanokryštalizácia  |2 slo 
650 4 |a permeabilita  |2 slo 
650 4 |a permeability  |2 eng 
650 4 |a nanocrystallization  |2 eng 
650 4 |a magnetism  |2 eng 
700 1 |a Deanko, Marian  |4 ths  |X 61502  |7 61502 
856 4 |u http://is.stuba.sk/zp/portal_zp.pl?podrobnosti=144051 
996 |c M* DP-13833  |l MMSKP  |s P  |a 0  |w stuzp73792_0001